=LDR 00000nam 2200000 4500 =001 INLIS000000000023077 =005 20130612121752 =008 ***********************************Ind** =035 ##$$0010-061300000023077 =041 ##$$a Ind =082 ##$$a 633.88 =090 ##$$a 633.88, Win m =100 ##$$a Winarto, W.P =245 ##$$a Memanfaatkan bumbu dapur untuk mengatasi aneka penyakit, Ir. W.P Winarto =260 ##$$a 2003 $b Jakarta =300 ##$$a viii, 96 hlm, 23 cm =650 ##$$a Bumbu dapur =850 ##$$a NBPNMAT =990 ##$$a 0001/BPAP-NTB/20142015